| 000 | 00950nam a22002417a 4500 | ||
|---|---|---|---|
| 001 | 80467 | ||
| 003 | BD-RjUL | ||
| 005 | 20230707184600.0 | ||
| 008 | 220929s2004 bg a|||| m||| 00| 0 eng d | ||
| 035 | _a(BD-RjUL)80467 | ||
| 040 |
_aBD-RjUL _beng _cBD-RjUL _dBD-RjUL |
||
| 041 | _aeng | ||
| 082 |
_223 _a370.154 _bSHF 2004 |
||
| 100 |
_aShirin, Anjuman _95077 |
||
| 245 | 1 | 0 |
_aFamily structure, residential background and adjustment of the students of Rajshahi University as related to their Achievement Motivation / _cSubmitted By Anjuman Shirin ; _6Supervisor : Md. Afsaruddin |
| 260 |
_aRajshahi : _bDepartment of Psychology, University of Rajshahi, _c2004 |
||
| 300 |
_ax, 111 leaves : _bill, ; _c29.cm. |
||
| 502 | _aThesis (M. Phil.) -- Department of Psychology, University of Rajshahi, 2004 | ||
| 504 | _aReferences : Leaves 80 - 93 | ||
| 650 |
_aMotivation to learn _95078 |
||
| 700 |
_aAfsaruddin, Md. Supervisor _95079 |
||
| 942 |
_2ddc _cTHE |
||
| 999 |
_c80467 _d80467 |
||